Alle Länder in GeoGuessr - Statistiken

Allgemein
  • Dieses Quiz wurde 82 mal gespielt
    50 seit der letzten Aktualisierung
  • Das Durchschnittsergebnis liegt bei 75 aus 113
Antwortstatistiken
Kontinent Land % Korrekt
Europa Deutschland
84%
Asien Japan
84%
Europa Niederlande
84%
Afrika Senegal
84%
Europa Spanien
84%
Nordamerika Vereinigte Staaten
84%
Europa Belgien
81%
Afrika Ghana
81%
Europa Irland
81%
Nordamerika Kanada
81%
Asien Russland
81%
Europa Schweiz
81%
Afrika Südafrika
81%
Europa Türkei
81%
Europa Vereinigtes Königreich
81%
Europa Andorra
78%
Europa Bulgarien
78%
Südamerika Chile
78%
Europa Frankreich
78%
Afrika Kenia
78%
Asien Laos
78%
Europa Luxemburg
78%
Ozeanien Neuseeland
78%
Europa Österreich
78%
Europa Portugal
78%
Asien Südkorea
78%
Asien Vietnam
78%
Europa Albanien
75%
Ozeanien Australien
75%
Afrika Botswana
75%
Südamerika Brasilien
75%
Europa Dänemark
75%
Europa Griechenland
75%
Asien Indien
75%
Asien Indonesien
75%
Europa Italien
75%
Südamerika Kolumbien
75%
Europa Lettland
75%
Europa Litauen
75%
Asien Malaysia
75%
Afrika Namibia
75%
Afrika Nigeria
75%
Europa Nordmazedonien
75%
Europa Norwegen
75%
Südamerika Peru
75%
Europa Polen
75%
Europa Schweden
75%
Europa Serbien
75%
Europa Slowakei
75%
Europa Slowenien
75%
Afrika Uganda
75%
Europa Ukraine
75%
Südamerika Argentinien
72%
Südamerika Bolivien
72%
Nordamerika Costa Rica
72%
Europa Estland
72%
Afrika Eswatini
72%
Europa Finnland
72%
Europa Island
72%
Asien Kambodscha
72%
Afrika Lesotho
72%
Europa Liechtenstein
72%
Asien Philippinen
72%
Europa Rumänien
72%
Asien Thailand
72%
Afrika Tunesien
72%
Europa Ungarn
72%
Asien Bangladesch
69%
Europa Bosnien und Herzegowina
69%
Asien Israel
69%
Europa Kroatien
69%
Afrika Madagaskar
69%
Asien Oman
69%
Nordamerika Panama
69%
Europa San Marino
69%
Südamerika Uruguay
69%
Asien Bhutan
66%
Südamerika Ecuador
66%
Asien Kasachstan
66%
Europa Malta
66%
Asien Nepal
66%
Südamerika Paraguay
66%
Afrika Ruanda
66%
Asien Singapur
66%
Asien Taiwan
66%
Asien Vereinigte Arabische Emirate
66%
Nordamerika Guatemala
63%
Asien Katar
63%
Europa Tschechien
63%
Asien Zypern
63%
Asien Jordanien
59%
Asien Kirgisistan
59%
Asien Mongolei
59%
Europa Montenegro
59%
Europa Monaco
56%
Nordamerika Dominikanische Republik
53%
Nordamerika Mexico
53%
Asien Sri Lanka
47%
Asien Hongkong
44%
Asien Libanon
44%
Ozeanien Guam
41%
Afrika São Tomé und Príncipe
38%
Nordamerika Puerto Rico
34%
Nordamerika Grönland
31%
Asien Weihnachtsinsel
28%
Nordamerika Curaçao
25%
Europa Gibraltar
19%
Ozeanien Amerikanisch-Samoa
16%
Europa Insel Man
16%
Europa Färöer-Inseln
13%
Europa Jersey
13%
Ozeanien Nördliche Marianen
13%
Nordamerika Amerikanische Jungferninseln
9%
Keine übereinstimmenden Quizze gefunden
Verteilung der Resultate
Anzahl Personen mit jedem Resultat
Perzentil nach korrekt beantworteten Fragen
Ihre Resultats-Entwicklung
Sie haben dieses Quiz seit der letzten Aktualisierung nicht gespielt